|
|
|
|
| LEADER |
00000cas a2200000 a 4500 |
| 001 |
vtls008883977 |
| 003 |
SK-MaSNL |
| 005 |
20260425194218.0 |
| 008 |
150319d19911992xo wr|p 0 0 b0slo c |
| 035 |
|
|
|a (SVKBB03)vtls000142572
|
| 040 |
|
|
|a SVKBB
|b slo
|c SVKBB
|d SNK
|e AACR2
|
| 041 |
0 |
|
|a slo
|
| 043 |
|
|
|a e-xo---
|
| 044 |
|
|
|a xo
|c SK
|
| 072 |
|
7 |
|a 323
|x Vnútropolitický vývoj, politický život
|2 konspekt
|
| 080 |
|
|
|a 32
|2 2001
|
| 080 |
|
|
|a 323.22/.28
|2 2001
|
| 080 |
|
|
|a 050
|2 2001
|
| 080 |
|
|
|a (437.6)
|2 2001
|
| 084 |
|
|
|a MIČ 49281
|2 mksr
|
| 245 |
0 |
0 |
|a Hlas Slovenska
|b nezávislé noviny
|
| 260 |
|
|
|a Bratislava
|b Agres
|c 1991-1992
|
| 300 |
|
|
|a 2 zv.
|c 28 cm
|
| 310 |
|
|
|a 1x týždenne
|
| 362 |
0 |
|
|a Roč. 1, č. 1 (1991)-roč. 2, č. 39 (1992)
|
| 500 |
|
|
|a Zmena podnázvu od č. 2/1991: súkromné noviny
|
| 500 |
|
|
|a Šéfredaktor: 1/1991-6/1991, Dagmar Vavrová ; zodp. red.: 7/1991-24/1991 ; šéfred.: 25/1991-1992, Ľudmila Šepráková
|
| 500 |
|
|
|a Reg. číslo: MK SR 363/91
|
| 500 |
|
|
|a Tlač. Planografia, Bratislava, od č. 19/1991 CONCORDIA PRESS, Bratislava
|
| 650 |
0 |
7 |
|a politika
|2 SNKPH
|9 968
|
| 650 |
0 |
7 |
|a vnútropolitický vývoj
|2 SNKPH
|9 88635
|
| 651 |
|
7 |
|a Slovensko
|2 SNKPH
|9 14231
|
| 655 |
|
7 |
|a politické časopisy
|2 SNKPH
|9 265985
|
| 700 |
1 |
|
|a Vavrová, Dagmar
|4 pbd
|9 270601
|
| 700 |
1 |
|
|a Šepráková, Ľudmila
|4 lso
|a pbd
|9 270602
|
| 910 |
|
|
|a snk
|
| 916 |
|
|
|a 1991-1992
|
| 999 |
|
|
|c 7191
|d 9121
|
| 952 |
|
|
|t č. 1-36
|a SNK
|b SNK
|y PREZ
|7 0
|p 17A0928089
|o snkČSB 4158/1/1991
|i snkČSP 584/93
|f 1
|0 0
|1 0
|4 0
|d 2015-02-13
|l 0
|r 2026-02-21 21:04:04
|w 2026-02-21
|
| 952 |
|
|
|t č. 1-39
|a SNK
|b SNK
|y PREZ
|7 0
|p 17A0928090
|o snkČSB 4158/2/1992
|i snkČSP 582/93
|f 1
|0 0
|1 0
|4 0
|d 2015-02-13
|l 0
|r 2026-02-21 21:04:04
|w 2026-02-21
|
| 952 |
|
|
|a SNK
|b SNK
|y PREZ
|7 0
|p 17A0031316
|o snkČSB 4158/1/1991 D1
|0 0
|1 0
|4 0
|d 1997-01-15
|l 0
|r 2005-01-01 00:00:00
|w 2026-02-21
|
| 952 |
|
|
|a SNK
|b SNK
|y PREZ
|7 0
|p 17A0031223
|o snkČSB 4158/2/1992 D1
|0 0
|1 0
|4 0
|d 1997-01-15
|l 0
|r 2005-01-01 00:00:00
|w 2026-02-21
|